| 000 | 00797nam a2200205 a 4500 | ||
|---|---|---|---|
| 001 | 000296378 | ||
| 003 | AM-YeHGA | ||
| 005 | 20250618071923.0 | ||
| 008 | 031222s1967 ai 000 | arm d | ||
| 040 | _aAM-YeHGA | ||
| 041 | 0 | _aarm | |
| 100 | 1 |
_aՍիմոնյան, Կարեն Արամի, _d1936-2018 _98967 |
|
| 245 | 1 | 0 |
_aՄարգագետին : _b[Պատմվածքներ] / _cԿ.Ա. Սիմոնյան; Խմբ.՝ Ռ.Հ. Քալաշյան; Նկ.՝ Մ.Ռ. Սոսոյան. |
| 260 |
_aԵրևան : _bՀայաստան, _c1967. |
||
| 300 |
_a105 էջ : _bնկ. ; _c21 սմ. |
||
| 650 | 1 | 4 |
_aՀայ գրականություն _xՊատմվածք |
| 700 | 1 |
_aՔալաշյան, Ռ.Հ. _eխմբ. _4edt |
|
| 700 | 1 |
_aՍոսոյան, Միհրան Ռուբենի, _d1928-1992 _eնկ. _4art _92710 |
|
| 090 | _c110130 | ||
| 999 |
_c108798 _d108798 |
||